书目信息 |
| 题名: |
雷达侦察接收机设计
|
|
| 作者: | 胡来招 著 | |
| 分册: | ||
| 出版信息: | 北京 国防工业出版社 2000.01 |
|
| 页数: | 192页 | |
| 开本: | 32开 | |
| 丛书名: | ||
| 单 册: | ||
| 中图分类: | TN971 | |
| 科图分类: | ||
| 主题词: | 电子侦察 | |
| 电子资源: | ||
| ISBN: | 7-118-02085-0 | |
| 000 | 00550nam0 2200193 45 | |
| 001 | 0104031095 | |
| 005 | 20010403104006.7 | |
| 010 | @a7-118-02085-0@d14.00元 | |
| 100 | @a20010403d2000 km y0chiy0120 ea | |
| 101 | 0 | @achi |
| 105 | @a z 000yy | |
| 200 | 1 | @a雷达侦察接收机设计@ALei Da Zhen Cha Jie Shou Ji She Ji@f胡来招著@FHu Lai Zhao Zhu |
| 210 | @a北京@c国防工业出版社@d2000.01 | |
| 215 | @a192页@d32开 | |
| 606 | 0 | @a电子侦察 |
| 690 | @aTN971@v3 | |
| 701 | 0 | @a胡来招@4著 |
| 801 | @aCN@bPftUser@c20010403 | |
| 905 | @b335308-309@dTN971@eH969@f2 | |
| 雷达侦察接收机设计/胡来招著.-北京:国防工业出版社,2000.01 |
| 192页;32开 |
| ISBN 7-118-02085-0:14.00元 |
| ● |
| 相关链接 |
|
|
|
正题名:雷达侦察接收机设计
索取号:TN971/H969
 
预约/预借
| 序号 | 登录号 | 条形码 | 馆藏地/架位号 | 状态 | 备注 |
| 1 | 335308 | 203353085 | 自科库301/301自科库 101排1列5层/ [索取号:TN971/H969] | 在馆 | |
| 2 | 335309 | 203353094 | 自科库301/301自科库 101排1列5层/ [索取号:TN971/H969] | 在馆 |